Amending Paragraph III of Manila Custom House General Order No. 25, as to size of meshes in "payat" (net).

Bibliographic Details
Corporate Author: Philippines. Bureau of Customs
Format: Government Document eBook
Language:English
Published: [Washington] : The Department, 1903.
Subjects:
Online Access:Connect to the full text of this electronic document

MARC

Tag First Indicator Second Indicator Subfields
LEADER 00000cam a22000001a 4500
001 in00003620021
005 20190408170738.0
006 m o d f
007 cr bn mmmapmmp
008 141128s1903 dcu o f000 0 eng d
035 |a ebd1909210654 
040 |a UMI  |c UMI  |d UtOrBLW 
086 0 |a W 49.10/7:31 
099 |a W4910-17.31 
110 1 |a Philippines.  |b Bureau of Customs.  |0 http://id.loc.gov/authorities/names/n85214888 
245 1 0 |a Amending Paragraph III of Manila Custom House General Order No. 25, as to size of meshes in "payat" (net). 
264 1 |a [Washington] :  |b The Department,  |c 1903. 
300 |a 1 online resource (1 pages) 
336 |a text  |b txt  |2 rdacontent 
337 |a computer  |b c  |2 rdamedia 
338 |a online resource  |b cr  |2 rdacarrier 
533 |a Electronic reproduction.  |b [Bethesda, Md.] :  |c ProQuest,  |d 2014.  |e digital, PDF file.  |n ProQuest U.S. Executive Branch Documents  |n Mode of access: World Wide Web via ProQuest website. 
588 |a Record is based on online resource; title from PDF title page (ProQuest, last viewed Nov. 2014). Reuse except for individual research requires license from ProQuest, LLC. 
500 |a Electronic resource. 
650 0 |a Fisheries.  |0 http://id.loc.gov/authorities/subjects/sh85048666 
655 7 |a Electronic books.  |2 local 
856 4 0 |u http://proxy.library.tamu.edu/login?url=http://congressional.proquest.com/congressional/docview/t66.d71.w4910-17.31  |z Connect to the full text of this electronic document  |t 0 
999 f f |s f4f4eb06-432f-31fd-aee3-04d7b55c1307  |i e56944e5-3248-3d0b-b8e5-3bf3cbd5fcbc  |t 0 
952 f f |a Texas A&M University  |b College Station  |c Electronic Resources  |d Available Online  |t 0  |h No information provided 
998 f f |t 0  |l Available Online